Saint Teresa of Avila (Record no. 5393)

MARC details
000 -LEADER
fixed length control field 00653nam a2200253 a 4500
020 ## - INTERNATIONAL STANDARD BOOK NUMBER
ISBN
082 00 - DEWEY DECIMAL CLASSIFICATION NUMBER
Classification number 201
Author Cutter AUC
100 ## - MAIN ENTRY--AUTHOR NAME
Author name Auclair, Marcelle
245 ## - TITLE STATEMENT
Title Saint Teresa of Avila
260 ## - PUBLICATION, DISTRIBUTION, ETC. (IMPRINT)
Place of publication London
Name of publisher Burns and Oates
Year of publication 1953
300 ## - PHYSICAL DESCRIPTION
Number of Pages 457p
500 ## - GENERAL NOTE
General note includes index and biblioraphy
505 2# - FORMATTED CONTENTS NOTE
Formatted contents note Epilogue, Chronology, Bibliography, Index
650 ## - SUBJECT ADDED ENTRY--TOPICAL TERM
Topical Term St Teresa, Avila
650 ## - SUBJECT ADDED ENTRY--TOPICAL TERM
Topical Term St.Teresa of Avila-1515-1582 Biogra
942 ## - ADDED ENTRY ELEMENTS (KOHA)
Koha item type Books
700 1# -
-- Auclair, Marcelle
Holdings
Collection code Home library Current library Date acquired Cost, normal purchase price Full call number Accession Number Koha item type
  Henry Martyn Institute Library Henry Martyn Institute Library 05/24/2005 0.00 201 AUC 05555 Books
                   Copyright © 2026 | Henry Martyn Institute | Hyderabad | TS-500052 | INDIA | Implemented by hmi.edu.in
Hit-Count:

Powered by Koha